Caracterización de las aguas residuales de San Isidro de Pérez Zeledón y mejoras al sistema de tratamiento biológico
Guardat en:
| Autor principal: | |
|---|---|
| Format: | Llibre |
| Publicat: |
San José, C.R.
2002
|
| Matèries: | |
| Etiquetes: |
Afegir etiqueta
Sense etiquetes, Sigues el primer a etiquetar aquest registre!
|
MARC
| LEADER | 00000nam a2200000Ia 4500 | ||
|---|---|---|---|
| 003 | 009007 | ||
| 005 | 20221231144152.0 | ||
| 008 | 140114s2002 cr a m 000 ||s d | ||
| 040 | |c cru CEDI | ||
| 090 | |a TFG 4568 | ||
| 100 | |a Araya García, Alvaro |9 7217 | ||
| 245 | |a Caracterización de las aguas residuales de San Isidro de Pérez Zeledón y mejoras al sistema de tratamiento biológico | ||
| 260 | |c 2002 |a San José, C.R. | ||
| 300 | |a xviii, 178 hojas : ilustraciones | ||
| 500 | |a Proyecto de graduación (licenciatura en Ingeniería Civil)--Universidad de Costa Rica. Facultad de Ingeniería. Escuela de Ingeniería Civil | ||
| 650 | |x AGUAS RESIDUALES |x BIODEGRADACION DEL AGUA |x LAGUNAS DE ESTABILIZACION |x REACTORES DE FLUJO ASCENDENTE |x INGENIERÍA HIDRAÚLICA |x SAN ISIDRO DE EL GENERAL (PEREZ ZELEDON, SAN JOSE, COSTA RICA) |x PURIFICACION DE AGUAS RESIDUALES |9 7218 | ||
| 942 | |c TFG | ||
| 999 | |c 17875 |d 17875 | ||
